000
00314nam a22001337a 4500
008
181207b xxu||||| |||| 00| 0 eng d
020
_a
471286125
041
_a
eng
080
_2
2nd
_a
510
100
_a
36
101
_a
MAT
245
_a
Advanced Calculus An Introduction to Analysis
_c
Fulks,W
942
_2
udc
_c
BK
999
_c
52996
_d
52996